Famous Dogs Quiz Stats

 Plays Quiz not verified by Sporcle

Challenge
Share
Tweet
Embed
Score 0/6 Timer 02:00
0 Plays Today
Clue Dog Names % Correct
Bart Simpson's petSanta's Little Helper
75.2%
Solves mysteriesScooby doo
73.9%
Smart talking dogBrian
73.3%
An hero but no super powersLassie
15.8%
Wacky RacersMuttley
13.6%
The dog that found the stolen world cupPickles
9.1%

You're not logged in!

Compare scores with friends on all Sporcle quizzes.
Join for Free
OR
Log In

You Might Also Like...

Show Comments

Extras

Created Nov 23, 2009ReportNominate
Tags:Famous Quiz, dog, extra

Top Quizzes Today


Score Distribution

Your Account Isn't Verified!

In order to create a playlist on Sporcle, you need to verify the email address you used during registration. Go to your Sporcle Settings to finish the process.

Report this User

Report this user for behavior that violates our Community Guidelines.

Details: